000 00943cam a22002893a 4500
001 3528
003 PGUSA
005 20140828083034.0
008 021101s2002||||xxu|||||s|||||000 | eng d
040 _aPGUSA
_beng
042 _adc
050 4 _aML
100 1 _aBeethoven, Ludwig van,
_d1770-1827
245 1 0 _aBeethoven, the Man and the Artist, as Revealed in His Own Words
_h[electronic resource] /
_cLudwig van Beethoven
260 _bProject Gutenberg,
_c2002
500 _aTranslation of Beethoven im eigenen Wort.
506 _aPublic domain in the USA.
516 _aElectronic text
653 _aBeethoven, Ludwig van, 1770-1827
653 _aComposers -- Germany -- Biography
700 1 _aKrehbiel, Henry Edward,
_d1854-1923
700 1 _aKerst, Friedrich,
_d1870-
740 0 _aBeethoven im eigenen Wort. English
830 0 _aProject Gutenberg
_v3528
856 4 0 _uhttp://www.gutenberg.org/ebooks/3528
942 _cEB
999 _c232857
_d232857